Statistics for Word Search: US Cities

Click here to take the quiz!

General Stats

  • This quiz has been taken 22 times
  • The average score is 5 of 10

Answer Stats

City% Correct
Kansas City
100%
Sacramento
100%
Fremont
56%
Lubbock
50%
Chandler
38%
Detroit
38%
Plano
31%
Omaha
19%
Mesa
13%
Reno
13%

Score Distribution

Percentile by Number Answered

Percent of People with Each Score

Your Score History

You have not taken this quiz